Balder Family One Piece quiz - Statistics

General Stats
  • This quiz has been taken 222 times
    204 since last reset
  • The average score is 11 of 15
Answer Stats
Question Answer % Correct
Who is Luffy's Father? Monkey D. Dragon
99%
Which pirate wants become "the world's greatest swordsman"? Zoro
88%
How long is the time skip at the end of Marineford Arc? 2 years
86%
How many Gear 4 forms does Luffy currently use? 3
82%
What is Sanji's dream to find? The All Blue
82%
Who wants to become the newest member of the Straw Hat Crew in the Wano Kingdom? Yamato
81%
What was Luffy's undercover name while fighting in the colleseum during the Dressrosa Arc? Lucy
78%
What facial expression do the people with "D" in their name make when they are about to die? Smile
75%
What can Nami control? The weather
75%
Who is the legendary pirate that Captained Kaido and Big Mom many years ago. Rocks D. Xebec
73%
How much Berry did Arlong require from Nami to set her village free? 100000000
62%
What is Buggy the Clowns Devil Fruit? Chop Chop fruit
62%
What animal fights Luffy at the beginning of the Grand Line? Whale
61%
Who's pirate crew does Ussopp's dad belong to? Red Hair Pirates
52%
How did the Strawhat pirates make it to Skypiea? Knock up stream
51%
No matching quizzes found
Score Distribution
Percent of People with Each Score
Percentile by Number Answered
Your Score History
You have not taken this quiz since the last reset